000 00614nam a2200205 i 4500
001 59693
003 ES-MaACL
005 20230906164100.0
007 t|
008 031030s1973 sp ||||1| spa d
100 1 _aEppstein, John.
_947330
245 1 0 _a¿Se ha vuelto loca la Iglesia Católica? /
_cJohn Eppstein ; [lo tradujo, Fernando Calleja].
260 _aMadrid :
_bGuadarrama,
_c[1973]
300 _a234 p. ;
_c18 cm.
490 1 _aPunto Omega ;
_v157
700 1 _aCalleja, Fernando.
_933715
830 0 _aPunto Omega ;
_v157
_9180707
852 _aES-MaACL
_jC-54456
_bR.87151
999 _c59693
_d59693